Statistiques concernant Taylor Swift - But Daddy I love Him ( All Lyrics )

Cliquez ici pour prendre le quiz!

Statistiques générales

  • Ce quiz a été pris 15 fois
  • Le résultat moyen est 376 sur 499

Statistiques - réponses

Réponse% Correct
a
100%
above
100%
baby"
100%
"But
100%
"But,
100%
but
100%
But
100%
cage
100%
daddy
100%
daddy,
100%
dress
100%
faces
100%
For
100%
for
100%
fun
100%
girl
100%
having
100%
He
100%
he
100%
he's
100%
him!
100%
him,
100%
him
100%
his
100%
how
100%
I
100%
If
100%
if
100%
I'm
100%
in
100%
it
100%
it's
100%
It's
100%
Just
100%
just
100%
love
100%
me
100%
Me
100%
my
100%
no,
100%
No,
100%
No
100%
not
100%
not,
100%
now
100%
Now
100%
on
100%
one
100%
only
100%
people
100%
raise
100%
rise
100%
running
100%
Screaming,
100%
Screaming',
100%
see
100%
should
100%
simple
100%
tell
100%
the
100%
The
100%
Then
100%
then
100%
these
100%
they
100%
They
100%
this
100%
to
100%
want
100%
We
100%
we
100%
when
100%
who
100%
with
100%
You
100%
you
100%
your
100%
All
83%
all
83%
'cause
83%
crazy
83%
crazy,
83%
door
83%
ever
83%
forget
83%
hate
83%
high
83%
horse
83%
is
83%
know
83%
learned
83%
loves
83%
mess"
83%
right
83%
slammed
83%
some
83%
sun
83%
thing
83%
too
83%
Too
83%
was
83%
west
83%
"What
83%
whole
83%
world
83%
And
67%
and
67%
away
67%
best
67%
bitchin'
67%
'bout
67%
can
67%
disgrace
67%
Even
67%
fences
67%
from
67%
her",
67%
I'll
67%
listen
67%
mine
67%
more
67%
of
67%
save
67%
say
67%
second
67%
senses
67%
"Stay
67%
Sunday
67%
telling
67%
that
67%
through
67%
try
67%
vipers
67%
wanted
67%
were
67%
won
67%
ain't
50%
alone
50%
beat
50%
Bedroom
50%
boy,
50%
brings
50%
burn
50%
can't
50%
cater
50%
chaos,
50%
closer
50%
clothing
50%
come
50%
coming
50%
creeps
50%
dancing
50%
does
50%
don't
50%
dressed
50%
'em,
50%
empath's
50%
eyes
50%
floor
50%
fuck
50%
God
50%
God,
50%
good
50%
gotta
50%
had
50%
Hannahs
50%
heart
50%
I'd
50%
lady
50%
life
50%
lot
50%
lovers
50%
moanin'
50%
much
50%
name
50%
oh
50%
over
50%
pray
50%
rather
50%
remedy
50%
Sarahs
50%
Scandal
50%
something
50%
Than
50%
their
50%
Time,
50%
true
50%
unbuttoned
50%
up
50%
wedding
50%
what's
50%
wild
50%
are
33%
around
33%
at
33%
back
33%
came
33%
change
33%
choice
33%
city
33%
Clutchin'
33%
convened
33%
daughter,
33%
down
33%
Dutiful
33%
elders
33%
fakest
33%
funny
33%
gray
33%
hall
33%
into
33%
joy
33%
knows
33%
like
33%
most
33%
never
33%
noise,
33%
pearls
33%
plans
33%
pride
33%
protested
33%
revelry
33%
saboteurs
33%
sighing,
33%
smiles
33%
still
33%
There's
33%
things
33%
Thinking
33%
tires
33%
touches
33%
town
33%
white
33%
words
33%
bestow
17%
chemistry
17%
counteract
17%
destiny
17%
died
17%
doesn't
17%
enough
17%
give
17%
Growing
17%
growing
17%
heard
17%
heat
17%
holding
17%
judgmental
17%
laid
17%
Lord
17%
means
17%
moms
17%
out
17%
parents
17%
performing
17%
perspective?
17%
precocious
17%
Sanctimoniously
17%
screeching
17%
soliloquies
17%
sometimes
17%
Soon
17%
Tendrils
17%
tucked
17%
undo
17%
upon
17%
Went
17%
wine
17%
woven
17%
brais
0%

Distribution des résultats

Percentile par nombre de réponses

% des personnes avec chaque résultat

Votre développement - résultats

Vous n’avez pas pris ce quiz